| 000 | 00664nmc a2200265 a 4500 | ||
|---|---|---|---|
| 003 | AR-BaBNM | ||
| 005 | 20251128211347.0 | ||
| 008 | 174020s1997 ||||||||||||||000 | spa|| | ||
| 020 | _a84-01-59011-6 | ||
| 040 | _cAR-BaBNM | ||
| 100 | 1 | _aGoytisolo, José Agustín | |
| 245 | 1 | 0 | _aPalabras para Julia y otros poemas |
| 250 | _a2ª ed. | ||
| 260 |
_aBarcelona _bPlaza & Janés _c1997 |
||
| 300 | _a90 p. | ||
| 490 | 0 | _aColección Poesía | |
| 650 | 4 | _aLITERATURA CONTEMPORANEA | |
| 650 | 4 | _aLITERATURA ESPANOLA | |
| 650 | 4 | _aANTOLOGIAS | |
| 650 | 4 | _aPOESIA | |
| 655 | _aLITERATURA | ||
| 800 | 1 | _aMoix, Ana María | |
| 942 | _cBK | ||
| 998 | _cmartin | ||
| 999 |
_c19331 _d19331 |
||